| 000 | 00523nam a2200181Ia 4500 | ||
|---|---|---|---|
| 001 | 16007 | ||
| 005 | 20260306170237.0 | ||
| 008 | 260306t2017||||xx |||||||||||||| ||und|| | ||
| 041 | _aESP | ||
| 082 |
_a346.52 _bG81 |
||
| 100 |
_aGrimalt Servera, Pedro _eAUT |
||
| 245 | 0 | _aLa responsabilidad civil por los daños causados a la dignidad humana por los menores en el uso de las redes sociales | |
| 260 | _c2017 | ||
| 300 |
_axvi, 165 páginas : _c24 cm. |
||
| 650 | _aGEN | ||
| 654 | _aCDE | ||
| 942 |
_cLIB _dJUS _fJUS _2ddc _n |
||
| 999 |
_c16007 _d16007 |
||